Funding a Selected Group of Czech NGOs from Public Resources

Analýza dôležitosti verejného financovania pre vybranú skupinu organizácií. Identifikácia a overovanie faktorov, ktoré ovplyvňujú výšku podpory.

Salvato in:
Dettagli Bibliografici
Autore principale: Pejcal, Jakub
Altri autori: Hrůzová, Lucia
Natura: Capitolo di libro
Lingua:inglese
Soggetti:
Tags: Aggiungi Tag
Nessun Tag, puoi essere il primo ad aggiungerne!!

MARC

LEADER 00000naa a2200000 4500
001 0279189
005 20211020132121.2
041 0 |a eng 
044 |a CZ 
245 1 0 |a Funding a Selected Group of Czech NGOs from Public Resources  |c Jakub Pejcal, Lucia Hrůzová 
520 |a Analýza dôležitosti verejného financovania pre vybranú skupinu organizácií. Identifikácia a overovanie faktorov, ktoré ovplyvňujú výšku podpory. 
610 2 0 |a financovanie 
610 2 0 |a organizácie neziskové 
610 2 0 |a organizácie nevládne 
610 2 0 |a čas voľný 
610 2 0 |a mládež 
100 1 |a Pejcal, Jakub 
700 1 |a Hrůzová, Lucia